Sam Macchi

Belmont A


Categories

History - World3400851373.1412
Science - Physics1600754382.0012
Fine Arts - Music1600755195.1411
Science - Chemistry07007073104.2900
History - Cross, Historiography, and Miscellaneous2300602781.8012
History - European3100553471.5011
History - American3100551456.7522
Science - Biology2200505085.0001
Geography - World04004081100.2501
RMP - Islam0300308193.3301
RMP - Philosophy1100253578.0000
Science - Math1100256063.5001
Fine Arts - Miscellaneous1100255269.0011
Current Events - U.S.02002091106.0000
Fine Arts - Opera0200207595.5001
Other - Other Academic and General Knowledge0200207677.5000
Science - Engineering and Miscellaneous1000153838.0001
Geography - United States1000153535.0001
Literature - British1000152222.0011
Fine Arts - Jazz0100107979.0000
Science - Computer Science0100106262.0000
Science - Earth0100105151.0000
Fine Arts - Architecture0100108787.0000
Current Events - World010010113113.0000
Social Science - Economics010010123123.0000
Social Science - Other0100108787.0000
RMP - World Mythology010010107107.0000
Science - Astronomy010010112112.0000

Buzzes

History - WorldUr2013
History - Americanincandescent lightbulb2014
History - AmericanNew York Police Department2019
Literature - BritishSir Arthur Conan Doyle2022
History - Cross, Historiography, and Miscellaneouschildren2027
History - AmericanKentucky030
History - Europeansteel2034
Geography - United StatesHouston, Texas2035
Science - Chemistryvapor pressure035
RMP - PhilosophyBertrand Russell2035